000 00805nam a2200217 a 4500
999 _c11348
_d11348
001 11348
003 BD-JhCC
005 20211212134021.0
008 190831s20132019bg a|||| ||a| 000 0 ben d
035 _a(BD-JhCC)11348
040 _aBD-JhCC
_dBD-JhCC
041 _aben
082 _a004
_bRAH 2019
100 _aরহমান, মাহবুবুর
245 _aতথ্য ও যোগাযোগ প্রযুক্তি একাদশ -দ্বাদশ শ্রেণি /
_cমাহবুবুর রহমান ।
260 _aঢাকা:
_bসিসটেক পাবলিকেশন;
_c২০১৯.
300 _a৫৯১ পৃ. :
_bill;
_c২৪ সেমি.
650 _aComputer Science
_zComputer Engneering
942 _2ddc
_cBK
_07